ILLUSTRATED CORONARY INTERVENTION: A CASE-ORIENTED APPROACH (Record no. 799127)

MARC details
000 -LEADER
fixed length control field 00382pam a2200145 a 4500
020 ## - INTERNATIONAL STANDARD BOOK NUMBER
International Standard Book Number 185317937X
Terms of availability
041 ## - LANGUAGE CODE
Language code of original
082 ## - DEWEY DECIMAL CLASSIFICATION NUMBER
Classification number 616.1
Item number RAM
100 ## - MAIN ENTRY--PERSONAL NAME
Personal name RAMSDALE D. R.
245 ## - TITLE STATEMENT
Title ILLUSTRATED CORONARY INTERVENTION: A CASE-ORIENTED APPROACH
Medium Textual Documents
260 ## - PUBLICATION, DISTRIBUTION, ETC.
Place of publication, distribution, etc. [s.l]:
Name of publisher, distributor, etc. MARTIN DUNITZ,
Date of publication, distribution, etc. 2001.
300 ## - PHYSICAL DESCRIPTION
Extent 423:
Other physical details IX;
Dimensions HB.
650 ## - SUBJECT ADDED ENTRY--TOPICAL TERM
Topical term or geographic name entry element CARDIOLOGY
930 ## - EQUIVALENCE OR CROSS-REFERENCE-UNIFORM TITLE HEADING [LOCAL, CANADA]
Uniform title 4599
Holdings
Withdrawn status Lost status Damaged status Not for loan Collection Home library Current library Date acquired Source of acquisition Cost, normal purchase price Total Checkouts Full call number Barcode Date last seen Copy number Price effective from Koha item type
          Medical College & Hospital, Sangli Medical College & Hospital, Sangli 22/07/2011 B.M.S.G.B.PUNE 10876.64   616.1 RAM MCS-9493 26/07/2023 1 26/07/2023 Book